Kitāb-i javāmiʻ al-ḥikāyāt va lavāmiʻ al-rivāyāt, (Record no. 89247)

MARC details
000 -LEADER
fixed length control field 01389cam a22002891 4500
001 - CONTROL NUMBER
control field sa 68020107
003 - CONTROL NUMBER IDENTIFIER
control field DLC
005 - DATE AND TIME OF LATEST TRANSACTION
control field 20260227112722.0
008 - FIXED-LENGTH DATA ELEMENTS--GENERAL INFORMATION
fixed length control field 900726m19659999pk 000 0 perr
010 ## - LIBRARY OF CONGRESS CONTROL NUMBER
LC control number sa 68020107
025 ## - OVERSEAS ACQUISITION NUMBER
Overseas acquisition number PL480:I-P-83
035 ## - SYSTEM CONTROL NUMBER
System control number (OCoLC)22148126
040 ## - CATALOGING SOURCE
Original cataloging agency DLC
Transcribing agency WaU
Modifying agency DLC
042 ## - AUTHENTICATION CODE
Authentication code premarc
043 ## - GEOGRAPHIC AREA CODE
Geographic area code a-ir---
050 00 - LIBRARY OF CONGRESS CALL NUMBER
Classification number PN6267.P4
Item number A9 1965
100 1# - MAIN ENTRY--PERSONAL NAME
Personal name ʻAwfī, Muḥammad,
Dates associated with a name active 1228.
240 10 - UNIFORM TITLE
Uniform title Javāmiʻ al-ḥikāyāt va lavāmiʻ al-rivāyāt
245 10 - TITLE STATEMENT
Title Kitāb-i javāmiʻ al-ḥikāyāt va lavāmiʻ al-rivāyāt,
Statement of responsibility, etc. taʼlīf-i Sadīd al-Dīn Muḥammad ʻAwfī ki bi-nām-i Niẓām al-Mulk Abū Saʻd al-Junaydī vazīr-i Sulṭān Shams al-Dīn al-Tatumsh Pādishāh-i Dihlī bi-sāl-i 625 hijrī/1228 masīḥī muʻanvan shudah. Aknūn az rūyi naskh-i qadīma-ʼi muʻtabarah ba-muqaddimah va taṣḥīḥ-i Muḥammad Niẓām al-Dīn ... Chāp shud.
260 ## - PUBLICATION, DISTRIBUTION, ETC.
Place of publication, distribution, etc. Ḥaydarābād Dakkan,
Name of publisher, distributor, etc. Maṭbaʻ-i Dāʼirat al-Maqʻārif al-ʻUs̲mānīyah
Date of publication, distribution, etc. 1965-
300 ## - PHYSICAL DESCRIPTION
Extent v.
Dimensions 25 cm.
440 #0 - SERIES STATEMENT/ADDED ENTRY--TITLE
Title Indological series
500 ## - GENERAL NOTE
General note Added t. p.: Persian text of the Jawāmiʻ ul-ḥikāyāt wa lawāmiʻ ur-riwāyāt of Sadīduʼd-Din Muḥammad al-ʻAwfī al-Bukhārī.
650 #0 - SUBJECT ADDED ENTRY--TOPICAL TERM
Topical term or geographic name entry element Anecdotes
Geographic subdivision Iran.
700 2# - ADDED ENTRY--PERSONAL NAME
Personal name Niẓamuʼd-Dīn, Muḥammad,
Relator term ed.
740 0# - ADDED ENTRY--UNCONTROLLED RELATED/ANALYTICAL TITLE
Uncontrolled related/analytical title Javāmiʻ al-ḥikāyāt va lavāmiʻ al-rivāyāt.

No items available.

Powered by Koha